La teología protestante en América / (Registro nro. 178137)

Detalles MARC
000 -LEADER
campo de control de longitud fija 00805nam a2200241 i 4500
001 - NÚMERO DE CONTROL
campo de control 178137
003 - IDENTIFICADOR DE NÚMERO DE CONTROL
campo de control ES-MaACL
005 - FECHA Y HORA DE LA ÚLTIMA TRANSACCIÓN
campo de control 20250805063318.0
007 - CAMPO FIJO DE DESCRIPCIÓN FÍSICA--INFORMACIÓN GENERAL
campo de control de longitud fija t|
008 - DATOS DE LONGITUD FIJA--INFORMACIÓN GENERAL
campo de control de longitud fija 110519s1965 sp r ||||1| spa d
080 ## - NÚMERO DE LA CLASIFICACIÓN DECIMAL UNIVERSAL
Número de la Clasificación Decimal Universal 274(73)
100 1# - ENTRADA PRINCIPAL--NOMBRE DE PERSONA
Nombre de persona Giussani, Luigi,
Fechas asociadas al nombre 1922-2005
9 (RLIN) 57375
245 13 - MENCIÓN DEL TÍTULO
Título La teología protestante en América /
Mención de responsabilidad, etc. Luigi Giussani ; [versión castellana de Joaquín Blázquez].
260 ## - PUBLICACIÓN, DISTRIBUCIÓN, ETC.
Lugar de publicación, distribución, etc. Barcelona :
Nombre del editor, distribuidor, etc. Herder,
Fecha de publicación, distribución, etc. 1965.
300 ## - DESCRIPCIÓN FÍSICA
Extensión 91 p. ;
Dimensiones 18 cm.
490 1# - MENCIÓN DE SERIE
Mención de serie Pequeña biblioteca Herder ;
Designación de volumen o secuencia 67
504 ## - NOTA DE BIBLIOGRAFÍA, ETC.
Nota de bibliografía, etc. Bibliografía: p. 75-91.
650 04 - PUNTO DE ACCESO ADICIONAL DE MATERIA--TÉRMINO DE MATERIA
Término de materia o nombre geográfico como elemento de entrada Protestantismo-
Subdivisión geográfica Estados Unidos.
9 (RLIN) 146630
700 1# - ENTRADA AGREGADA--NOMBRE PERSONAL
Nombre de persona Blázquez, Joaquín.
9 (RLIN) 29440
830 0# - PUNTO DE ACCESO ADICIONAL DE SERIE-TÍTULO UNIFORME
Título uniforme Pequeña biblioteca Herder ;
Designación de volumen o secuencia 67
9 (RLIN) 190720
852 ## - LOCALIZACIÓN
Ubicación ES-MaACL
Número de control de estantería E-15161
Encuadernación Olim P-274
Existencias
Estatus retirado Estado de pérdida Estado de daño No para préstamo Biblioteca de origen Biblioteca actual Ubicación en estantería Fecha de adquisición Fuente de adquisición Total de préstamos Signatura topográfica completa Código de barras Visto por última vez Precio de reemplazo Tipo de ítem Koha
        Biblioteca del Ateneo de Madrid Biblioteca del Ateneo de Madrid Depósito 2 19/05/2011     E-15161 1187131 23/02/2023 23/02/2023 Libro impreso